Criminal law

Elliot and Quinn's Criminal Law, now in its seventh edition, is an established textbook covering English criminal law. This guide to the law will help you to understand the subject quickly."--BOOK JACKET

محفوظ في:
التفاصيل البيبلوغرافية
المؤلف الرئيسي: Elliott, Catherine
مؤلفون آخرون: Quinn, Frances
التنسيق: كتاب
منشور في: Harlow : Pearson Longman, c2008.
الطبعة:7th ed.
الموضوعات:
الوصول للمادة أونلاين:https://catdir.loc.gov/catdir/toc/ecip087/2007052447.html
الوسوم: إضافة وسم
لا توجد وسوم, كن أول من يضع وسما على هذه التسجيلة!

MARC

LEADER 00000nam a22000007a 4500
020 |a 9781405858717  |c TZS 78,689.02 
040 |a MUL  |b eng  |e AACR 
082 |a 345 ELL 
100 |a  Elliott, Catherine 
245 |a Criminal law   |c / Catherine Elliott and Frances Quinn 
250 |a 7th ed. 
260 |a Harlow :  |b Pearson Longman,  |c c2008. 
300 |a  xxxiii, 417 p. :   |b ill. ;   |c 24 cm. 
504 |a Includes index 
520 |a Elliot and Quinn's Criminal Law, now in its seventh edition, is an established textbook covering English criminal law. This guide to the law will help you to understand the subject quickly."--BOOK JACKET 
546 |a eng 
650 |a Criminal law  |z England 
700 |a Quinn, Frances 
856 |u https://catdir.loc.gov/catdir/toc/ecip087/2007052447.html 
942 |c BK 
999 |c 10599  |d 10599